000 01823nam0a2200337 i 4500
001 RU\NLR\BIBL_A\010827880
005 20260406021255.0
010 _a9785788217543
_9100
021 _aRU
_b2015-55283
_93268
035 _a(NILC)RuMoRGB-007983957
035 _a(NLR Aleph) 010827880
090 _a10273346
_c10273346
100 _a20150902d2015 u y0rusy50 ca
101 0 _arus
102 _aRU
105 _aac||j|||000yy
200 1 _aФормы и декор татарских национальных костюмов
_eучебное пособие
_e[для бакалавров всех форм обучения по направлениям подготовки 54.03.01 "Дизайн" и 53.03.03 "Искусство костюма и текстиля"]
_fЭ.А. Хамматова, Э.А. Гадельшина, И.Н. Галиев
_gМ-во образования и науки Рос. Федерации, Федер. гос. бюджет. образоват. учреждение высш. проф. образования "Каз. нац. исслед. технол. ун-т"
210 _aКазань
_cИзд-во КНИТУ
_d2015
215 _a85, [1] с.
_cил., портр., цв. ил.
_d20
320 _aБиблиогр. в конце кн. (35 назв.)
606 _aКостюм татарский
_jУчебные издания
_91482834
_3RU\NLR\AUTH\66632608
686 1 _aЩ126.63(2Р=Тат)я7
700 1 _8rus
_7ca
_aХамматова
_bЭ. А.
_gЭльмира Айдаровна
_3RU\NLR\AUTH\77122780
_9105705
701 1 _aГадельшина
_bЭ. А.
701 1 _aГалиев
_bИ. Н.
801 0 _aRU
_bРГБ
_c20150724
_gRCR
801 1 _aRU
_bРГБ
_c20150724
_2rusmarc
942 _cBOOK
980 _aNBR